[Event "Budapest zt-A"]
[Site "Budapest"]
[Date "1993.??.??"]
[Round "5"]
[White "Rasik, Vitezslav"]
[Black "Gdanski, Jacek"]
[Result "0-1"]
[WhiteElo "2405"]
[BlackElo "2480"]
[Annotator "Horvath,Ta"]
[PlyCount "78"]
[EventDate "1993.03.??"]
[EventType "tourn"]
[EventRounds "11"]
[EventCountry "HUN"]
[EventCategory "11"]
[SourceTitle "CBM 034"]
[Source "ChessBase"]
[SourceDate "1993.06.01"]
[SourceVersion "1"]
[SourceVersionDate "1993.06.01"]
[SourceQuality "1"]

1. e4 c5 2. Nf3 e6 3. d4 cxd4 4. Nxd4 Nf6 5. Nc3 Nc6 6. Bf4 d6 7. Nxc6 (7. Ndb5
e5 (7... Ne5 $2 8. Qd4 $1 a6 9. Nxd6+ Bxd6 10. Bxe5 Bxe5 11. Qxe5 Qb6 12. Nd5
$1 Nxd5 13. Qxg7 Qb4+ 14. Ke2 Rf8 15. exd5 $18) 8. Nd5 $6 Nxd5 9. exd5 exf4 10.
dxc6 bxc6 11. Qf3 Bd7 $2 (11... Qb6 $1 12. Qxf4 Rb8 $1 13. Nxd6+ Bxd6 14. Qxd6
Qxb2 15. Rd1 (15. Qxc6+ $2 Bd7 16. Qe4+ Kf8 $19) 15... Qc3+ 16. Qd2 Qe5+ $1 17.
Be2 Be6 $17 {Adorjan/T,Horvath: Black is O.K. Book.1993.}) 12. Qe4+ Be7 13.
Nxd6+ Kf8 14. O-O-O $1 Bg4 15. f3 $1 Bxd6 16. Qxc6 Ke7 17. fxg4 $18 {
Kuznecov-Luktschenkov Russia 1992 Inf. 56 / 199}) 7... bxc6 8. e5 Nd5 9. Nxd5
cxd5 10. Bd3 (10. Bb5+ Bd7 11. Bxd7+ Qxd7 12. exd6 Bxd6 13. Bxd6 Qxd6 14. O-O
O-O 15. c4 Rfd8 {(1/2/1/2) Simic-Matulovic Vrenjacka Banja 1985}) 10... Be7 (
10... Ba6 11. O-O Bxd3 12. Qxd3 Be7 $10) 11. Qg4 dxe5 12. Qxg7 Bf6 13. Bb5+ Ke7
14. Bg5 Bxg5 15. Qxg5+ Kd6 16. Qd2 Qb6 17. c4 Bb7 18. Rc1 Rac8 19. b4 $6 (19.
O-O $1 $16) 19... Qd4 $1 20. c5+ Kc7 21. Qxd4 exd4 22. Rd1 (22. Kd2 $1) 22...
a5 23. a3 Rb8 24. Rxd4 e5 25. Rd2 axb4 26. axb4 Ba8 27. Be2 Rxb4 28. O-O Bc6
29. f4 e4 30. Rfd1 Ra8 31. Bh5 f5 32. Kf2 Ra3 33. Ke1 Ba4 34. Rxd5 Bxd1 35.
Bxd1 Rb2 36. Rxf5 Rxg2 37. Rg5 Rxh2 38. Rg1 Ra1 39. f5 e3 0-1

[Event "USA-ch"]
[Site "Parsippany"]
[Date "1996.??.??"]
[Round "8"]
[White "Shabalov, Alexander"]
[Black "Khmelnitsky, Igor N"]
[Result "0-1"]
[WhiteElo "2565"]
[BlackElo "2485"]
[Annotator "Horvath,Ta"]
[PlyCount "74"]
[EventDate "1996.07.13"]
[EventType "tourn"]
[EventRounds "13"]
[EventCountry "USA"]
[EventCategory "12"]
[SourceTitle "CBM 055"]
[Source "ChessBase"]
[SourceDate "1996.12.01"]
[SourceVersion "1"]
[SourceVersionDate "1996.12.01"]
[SourceQuality "1"]

1. e4 c5 2. Nf3 e6 3. d4 cxd4 4. Nxd4 Nf6 5. Nc3 Nc6 6. a3 {Gefahrlos! Auch
wenn Schwarz die scheweninger wählt, mit 6...-d6; im vielen Falle ist nur
Tempoverlust.} d5 7. Bb5 Bd7 8. exd5 Nxd5 9. Nxd5 exd5 10. O-O Be7 11. Nb3 a6
12. Bxc6 bxc6 13. Be3 O-O 14. Bc5 Re8 15. Bxe7 Qxe7 16. Qd4 {Weiß kontroliert
die schwarzen Punkte, der Nachziehende besitzt aber die einzi ege offene Linie,
und hat gleiche Chanchen.} Qg5 $1 17. Qc3 (17. Rfe1 Bh3 18. g3 Qf5 $17) 17...
Re4 18. Nd2 (18. Rfe1 $2 Rc4 $17) 18... Bh3 $1 19. g3 $2 (19. Qxh3 Qxd2 20.
Rac1 Rae8 21. Qd7 R4e6 $15 (21... Qxc1 $6 22. Qxe8+ Rxe8 23. Rxc1 Re2 24. Kf1
$10)) 19... Re2 20. Nf3 Qg6 21. Rfe1 (21. Nd4 $2 Bxf1 $19) 21... Rxc2 22. Qb3
Qf6 $1 23. Qe3 h6 24. Ne5 d4 25. Qxd4 $1 Rd8 26. Qf4 Rdd2 $1 $19 27. Qxf6 gxf6
28. Nf3 Rxf2 29. Nh4 Rxb2 30. Rac1 Bg2 31. Rb1 Bd5 32. Rxb2 Rxb2 33. Re8+ Kh7
34. Ra8 Rb6 35. a4 c5 36. Rd8 Be6 37. Kg2 Rb4 0-1

[Event "HUN-chT 9798"]
[Site "Hungary"]
[Date "1997.??.??"]
[Round "?"]
[White "Dovzik, Juri"]
[Black "Horvath, Tamas"]
[Result "0-1"]
[WhiteElo "2405"]
[BlackElo "2390"]
[Annotator "Horvath,Ta"]
[PlyCount "60"]
[EventDate "1997.??.??"]
[EventType "team"]
[EventRounds "12"]
[EventCountry "HUN"]
[SourceTitle "CBM 062"]
[Source "ChessBase"]
[SourceDate "1998.01.31"]
[SourceVersion "1"]
[SourceVersionDate "1998.01.31"]
[SourceQuality "1"]

1. e4 c5 2. Nf3 e6 3. d4 cxd4 4. Nxd4 Nf6 5. Nc3 Nc6 6. Be3 Bb4 7. Bd3 d5 8.
Nxc6 bxc6 9. e5 Nd7 (9... d4 10. exf6 dxe3 (10... dxc3 $6 11. b3 Qxf6 12. Qg4
$16) 11. fxg7 exf2+ 12. Kf1 Rg8 13. Qg4 $1 (13. Bxh7 Qh4 $1 14. Bxg8 $2 (14.
Bd3 Rxg7 15. Qf3 Bd7 $44) (14. Qf3 $2 Qxh7 15. Qxc6+ Ke7 16. Qxa8 Ba6+ $19)
14... Ba6+ 15. Ne2 Rd8 16. Qxd8+ Kxd8 17. Bxf7 Bxe2+ 18. Kxe2 Qe4+ 19. Kxf2
Qf5+ {Spielmann,R-Berndtsson,K/Goteborg/1993}) 13... Bxc3 14. bxc3 Qf6 15. Qc4
Bd7 16. Be4 e5 (16... Rc8 17. Rd1 Rxg7 {Rigo-Peisser/Baden-Baden/1987} 18. Bf3
$14) 17. Bf3 Rxg7 18. Rd1 Rd8 19. Kxf2 Rg4 20. Qd3 $14 {Hector-Sax/Vejle/1994})
10. Qg4 (10. f4 Nc5 11. Bd2 O-O 12. O-O Nxd3 13. cxd3 Be7 $13) 10... Bf8 $1 (
10... Qa5 {Ist spielbar auch, Weiß kann nicht auf g7 nehmen,wegen} 11. Qxg7
Bxc3+ 12. bxc3 Qxc3+ 13. Ke2 Qxe5 14. Qxe5 Nxe5 15. Bd4 f6 $17) 11. Qg3 (11. f4
Rb8 12. Nd1 Qa5+ 13. Bd2 Qb6 14. Qg3 Nc5 15. b3 Nxd3+ 16. cxd3 Ba6 $15 {
Mitkov-Illescas/Esp./1997}) 11... Rb8 12. Rb1 h5 $1 13. h4 Rb4 14. Bf4 g6 15.
a3 Rxf4 $1 16. Qxf4 Bg7 (16... Qc7 17. O-O Nxe5 18. Rbe1 Bd6 {war auch besser
für Schwarz.}) 17. Qa4 Nxe5 18. Qxa7 O-O 19. Be2 Qf6 20. Qa4 c5 21. O-O c4 $1
22. g3 (22. f4 Qxh4 $1 23. fxe5 Bxe5 24. Rfd1 $8 Bf4 $1 25. Qa7 Qg5 26. Kf1 Be3
27. Qc7 Qh4 $19) 22... Nf3+ 23. Kg2 $2 (23. Bxf3 $8 Qxf3 24. Qc6 Bd4 $1 (24...
Bxc3 25. bxc3 e5 26. Kh2 Bf5 27. Qf6 $13) 25. Qd6 e5 26. Qxd5 Qxg3+ 27. Qg2
Qxh4 $17) 23... Nd2 $19 24. Qc6 $2 Qe7 $1 25. Rbd1 Bb7 26. Qb5 d4+ 27. Kg1 dxc3
28. bxc3 Bxc3 29. Rfe1 Bd5 30. Bxh5 Qf6 $1 (30... gxh5 31. Qxd5 exd5 32. Rxe7)
0-1

[Event "Chalkidiki"]
[Site "Chalkidiki"]
[Date "1992.??.??"]
[Round "4"]
[White "Adams, Michael"]
[Black "Khenkin, Igor"]
[Result "1/2-1/2"]
[WhiteElo "2610"]
[BlackElo "2570"]
[Annotator "Horvath,Ta"]
[PlyCount "83"]
[EventDate "1992.09.??"]
[EventType "tourn"]
[EventRounds "11"]
[EventCountry "GRE"]
[EventCategory "14"]
[SourceTitle "CBM 032"]
[Source "ChessBase"]
[SourceDate "1993.02.01"]
[SourceVersion "1"]
[SourceVersionDate "1993.02.01"]
[SourceQuality "1"]

1. e4 c5 2. Nc3 Nc6 3. Nge2 e6 4. d4 cxd4 5. Nxd4 Nf6 6. Nxc6 bxc6 7. e5 Nd5 8.
Ne4 Qa5+ 9. Bd2 (9. c3 Ba6 10. Bxa6 Qxa6 11. h4 Be7 12. Rh3 O-O-O 13. Qe2 Qxe2+
14. Kxe2 f6 15. Nd6+ Bxd6 16. exd6 Kb7 17. Rg3 Rhg8 $13 {Ulibin,M-Khenkin,I
Chalkidiki (08) (1/4:1/4) in 36. Züge}) 9... Qc7 $1 10. f4 Qb6 11. c4 $6 (11.
Bd3 $1 Qxb2 12. O-O $44 {Khenkin 11. ... Be7!? /\f5}) 11... Qd4 12. Qb1 Rb8 $1
13. b3 (13. cxd5 $2 Rxb2 14. Qd3 Rxd2 $19) 13... f5 $15 14. exf6 Nxf6 15. Bd3
Nxe4 16. Bxe4 {[#]} Ba3 (16... d5 $1 17. Bf3 (17. cxd5 $2 Bb4 $1 18. Bxb4 Rxb4
$19) 17... Bb4 18. Bxb4 Rxb4 $17) 17. Ke2 $8 Bb2 18. Be3 Qf6 19. Bxa7 Ra8 20.
Be3 d5 21. Bd3 Bxa1 22. Qxa1 O-O 23. a4 Ba6 24. Qxf6 gxf6 25. Bb6 e5 26. cxd5
cxd5 27. Bxa6 Rxa6 28. a5 Rc8 29. fxe5 fxe5 30. Rf1 Rc2+ 31. Kd3 Rxg2 32. Rf5
e4+ 33. Kc3 Rxh2 34. Rxd5 Rh3+ 35. Kc4 Ra8 36. Re5 Rh4 37. b4 Kf7 38. b5 e3+
39. Kd5 Rb4 40. Kc6 Rc8+ 41. Kd7 Rb8 42. Kc7 1/2-1/2

[Event "Walsall op"]
[Site "Walsall"]
[Date "1992.??.??"]
[Round "6"]
[White "Emms, John M"]
[Black "Nunn, John DM"]
[Result "1-0"]
[WhiteElo "2455"]
[BlackElo "2595"]
[Annotator "Horvath,Ta"]
[PlyCount "79"]
[EventDate "1992.??.??"]
[EventType "swiss"]
[EventRounds "7"]
[EventCountry "ENG"]
[SourceTitle "CBM 032"]
[Source "ChessBase"]
[SourceDate "1993.02.01"]
[SourceVersion "1"]
[SourceVersionDate "1993.02.01"]
[SourceQuality "1"]

1. e4 c5 2. Nf3 Nc6 3. Nc3 e6 4. d4 cxd4 5. Nxd4 Nf6 6. Nxc6 bxc6 7. e5 Nd5 8.
Ne4 (8. Nxd5 cxd5 9. Bd3 Qc7 10. Qe2 Rb8 $1 11. h4 Bb4+ 12. Kf1 Bc3 $1 $17)
8... Qc7 9. f4 Qb6 10. c4 Bb4+ (10... Ne3 11. Qd3 Nf5 12. g4 Nd4 13. Bg2 h5 $6
(13... Bb7 14. b4 $1 {Kasparov 14. ... a5 15. Bb2! Bxb4+ 16. Kd1 Bc5 17. Bxd4
Bxd4 18. Rb1+- >=15. ... c5!? 16. Bxd4 - 16. b5!? - 16. ... cxd4 17. c5 Qxb4+
18. Kf2 Qb2+ 19. Ke3 Bxe4! 20. Bxe4 Rc8}) 14. g5 Bb7 15. Be3 Nc2+ 16. Kf2 Nxe3
17. Qxe3 {Kasparow-Illescas Inf. 54 17. ... Qxe3+ 18. Kxe3 c5 19. g6 Bxe4! 20.
Bxe4 Rd8 21. Rad1 d6 22. Rhg1 Be7+/=}) 11. Ke2 f5 12. Nf2 (12. exf6 Nxf6 13.
Be3 Qa5 (13... Qd8 14. Nd6+ Bxd6 15. Qxd6 Qe7 16. Bc5 Qxd6 17. Bxd6 Ne4 18. Ba3
d5 $10 {Martin-Li Zunian Biel 1985}) 14. Nxf6+ gxf6 15. Kf2 O-O 16. Bd3 Rf7 17.
Rf1 d5 18. Kg1 Bc5 19. Bxc5 Qxc5+ 20. Kh1 Bd7 $10 {Watson,W-Nunn,J Walsall (04)
1/4:1/4 in 43. Züge}) 12... Ba6 13. Kf3 Ne7 14. Be3 Bc5 15. Bxc5 Qxc5 16. Qd6
Qb6 (16... Qa5 17. h4 c5 18. Kg3 Rd8 19. Rh3 $1 Nc8 20. Qd1 O-O 21. Kh2 $16)
17. b3 c5 18. Rd1 Rd8 (18... Bb7+ 19. Kg3 Kf7 20. Qxb6 axb6 21. Rxd7 Bc6 22.
Rd2 g5 23. Nh3 {Emms,J-Chandler,M 1/4:1/4 Walsall (07)}) 19. Nd3 $1 (19. Ke3
Bb7 20. Be2 Kf7 21. Nd3 Rc8 22. Qxb6 axb6 $14 {Oll-Nogueras Tbilissi 1983})
19... Rc8 20. Nb2 Qb7+ (20... Bb7+ 21. Ke3 Bc6 $13) 21. Kf2 Qe4 22. Be2 Nd5 $2
23. Bh5+ g6 24. cxd5 gxh5 25. Qxa6 $18 Qxf4+ 26. Ke1 Qxe5+ 27. Qe2 Qc3+ 28. Kf2
O-O 29. d6 f4 30. Rd3 Qg7 31. Rf1 Rf5 32. Kg1 Rcf8 33. Nc4 h4 34. h3 Rg5 35.
Nd2 Re5 36. Qf2 Qg6 37. Rf3 Ref5 38. Qxh4 e5 39. Ne4 Kh8 40. Qe1 1-0

[Event "RUS-ch"]
[Site "Elista"]
[Date "1996.??.??"]
[Round "4"]
[White "Shabanov, Yuri"]
[Black "Filippov, Valerij"]
[Result "0-1"]
[WhiteElo "2405"]
[BlackElo "2565"]
[Annotator "Horvath,Ta"]
[PlyCount "76"]
[EventDate "1996.10.15"]
[EventType "swiss"]
[EventRounds "11"]
[EventCountry "RUS"]
[SourceTitle "CBM 056"]
[Source "ChessBase"]
[SourceDate "1997.02.01"]
[SourceVersion "1"]
[SourceVersionDate "1997.02.01"]
[SourceQuality "1"]

1. e4 c5 2. Nf3 e6 3. d4 cxd4 4. Nxd4 Nf6 5. Nc3 Nc6 6. Nxc6 bxc6 7. e5 Nd5 8.
Nxd5 {Eine anspruchslose Fortsetzung.} ({Populärer und besser ist} 8. Ne4) 8...
cxd5 9. Bd3 Qc7 10. Qe2 Bb4+ 11. Kf1 Rb8 12. Bf4 (12. h4 $2 Bc3 $1 $17 {
Rigo-Horvath,T/Hungary/1980}) 12... Bc5 (12... Be7 13. b3 Bb7 14. h4 Bc6 $13 {
Capello-Pinter/Roma/1979}) 13. b3 (13. c3 a5 14. h4 O-O 15. Rh3 $13) 13... O-O
14. h4 f6 $1 15. Qh5 $6 f5 16. Qe2 Rb4 $1 17. c4 dxc4 18. Bxc4 Ba6 19. Rc1 Qb6
20. g3 Bxc4 21. Rxc4 Rxc4 22. bxc4 Qc6 23. Kg1 Rb8 $17 24. Kh2 Qe4 25. Qd2 (25.
Qxe4 fxe4 26. Re1 Rb2 $17) 25... Qxc4 26. Qxd7 Qxa2 27. Kh3 Qd5 28. Qxd5 exd5
29. Rd1 d4 30. g4 Rb3+ 31. Kg2 fxg4 32. Rc1 Rc3 33. Rb1 Bb6 34. e6 Kf8 35. Bd6+
Ke8 36. Rb5 Rf3 37. Rd5 g6 38. Bc5 Rf5 0-1

[Event "USA-ch"]
[Site "Key West"]
[Date "1994.??.??"]
[Round "3"]
[White "Ivanov, Alexander"]
[Black "Benjamin, Joel"]
[Result "0-1"]
[WhiteElo "2575"]
[BlackElo "2610"]
[Annotator "Horvath,Ta"]
[PlyCount "63"]
[EventDate "1994.10.??"]
[EventType "tourn"]
[EventRounds "13"]
[EventCountry "USA"]
[EventCategory "13"]
[SourceTitle "CBM 044"]
[Source "ChessBase"]
[SourceDate "1995.02.01"]
[SourceVersion "1"]
[SourceVersionDate "1995.02.01"]
[SourceQuality "1"]

1. e4 c5 2. Nf3 e6 3. d4 cxd4 4. Nxd4 Nf6 5. Nc3 Nc6 6. Nxc6 bxc6 7. e5 Nd5 8.
Ne4 Qc7 (8... f5 9. exf6 Nxf6 10. Nd6+ Bxd6 11. Qxd6 Qb6 12. Bd3 Ba6 13. O-O (
13. Be3 $1 Qxb2 14. Bd4 Qb7 15. c4 $16 {Tscherepkow-Begun/UdSSR/1982}) 13...
Bxd3 14. Qxd3 O-O $13 {Degreve-Vaisser/Capelle/1994}) 9. f4 Qa5+ 10. Bd2 Qb6
11. Bd3 (11. c4 $6 Qd4 $1 {Adams-Khenkin/CBM/32}) 11... Be7 12. c4 Qd4 (12...
f5 $5 13. Nf2 Ne3 14. Qf3 Qxb2 15. Ke2 (15. Rc1 Bb4 16. Bxb4 Qxc1+ 17. Ke2 Qb2+
18. Bd2 $44) 15... Nc2 16. Bxc2 Qxc2 17. Qb3 Qxb3 18. axb3 $44 {/\Nd3;Be3}) 13.
Qb3 Ba6 $5 (13... f5 14. exf6 Nxf6 $13) 14. O-O-O O-O 15. Bc3 Nxc3 16. Qxc3
Qxc3+ 17. bxc3 (17. Nxc3 f6 $15) 17... c5 $1 (17... f6 18. c5 Bxd3 19. Rxd3
Rad8 20. Rhd1 fxe5 21. fxe5 Rf5 22. Rxd7 Rxd7 23. Rxd7 Rxe5 24. Rxe7 Rxe4 25.
Rc7 $16) 18. Be2 Rfd8 19. Rd2 Kf8 20. Rhd1 Ke8 21. Nd6+ Bxd6 22. Rxd6 Bb7 23.
g4 (23. R1d3 Bxg2 24. Rg3 Be4 25. Rxg7 Ke7 26. Rg3 Rab8 $15) 23... Ke7 24. Bd3
h6 25. Bc2 Bc6 26. h4 Rab8 27. R6d2 Rf8 28. Rg1 f6 29. g5 $138 hxg5 30. exf6+
$1 gxf6 31. hxg5 fxg5 32. fxg5 $13 0-1

[Event "Linares zt"]
[Site "Linares"]
[Date "1995.??.??"]
[Round "9"]
[White "Apicella, Manuel"]
[Black "San Segundo Carrillo, Pablo"]
[Result "1/2-1/2"]
[WhiteElo "2555"]
[BlackElo "2520"]
[Annotator "Horvath,Ta"]
[PlyCount "134"]
[EventDate "1995.11.??"]
[EventType "swiss"]
[EventRounds "11"]
[EventCountry "ESP"]
[SourceTitle "CBM 051"]
[Source "ChessBase"]
[SourceDate "1996.04.01"]
[SourceVersion "1"]
[SourceVersionDate "1996.04.01"]
[SourceQuality "1"]

1. e4 c5 2. Nf3 e6 3. d4 cxd4 4. Nxd4 Nf6 5. Nc3 Nc6 6. Nxc6 bxc6 7. e5 Nd5 8.
Ne4 Qc7 9. f4 Qb6 10. c4 Bb4+ 11. Ke2 f5 12. Nf2 Ba6 13. Kf3 Ne7 14. Be3 Bc5
15. Bxc5 Qxc5 16. Qd6 Qb6 17. b3 c5 18. Rd1 (18. Kg3 $5 Bb7 (18... g5 $6 19.
fxg5 h6 20. h4 hxg5 21. hxg5 Rxh1 22. Nxh1 Ng6 23. Nf2 $14 {Howell-Chandler/
London/Lloyds/1992}) 19. Be2 Qxd6 20. exd6 Ng8 21. Bf3 Bxf3 22. Kxf3 Nf6 23.
Nd3 $14 {Howell-Rogozenko/Pardubice/1994}) 18... Rd8 (18... Bb7+ 19. Kg3 (19.
Ke3 Qxd6 20. exd6 (20. Rxd6 $6 g5 $1 21. fxg5 f4+ 22. Kd2 Ng6 $13 {
Nisipeanu-Rogozenko/Eforie-Nord/1994}) 20... Ng8 $13) 19... Qd8 20. Nd3 $16 {
Hennigan-Chandler/Birmingham/1995}) 19. Kg3 (19. Nd3 $5 Rc8 20. Nb2 Qb7+ $2 (
20... Bb7+ $1 21. Ke3 Bc6 $13) 21. Kf2 Qe4 22. Be2 $1 $16 {Emms-Nunn/CBM/32/118
}) 19... Nc8 20. Qxb6 axb6 21. Be2 Bb7 22. Bf3 Bxf3 23. Kxf3 Ke7 24. Nd3 Na7 (
24... d5 $5 25. exd6+ Rxd6 26. Ne5 Rhd8 27. Rxd6 Rxd6 28. Ke3 Na7 {/\Nc6=}) 25.
Nb2 Nc6 26. Rd6 g5 27. g3 Rb8 28. Na4 gxf4 29. gxf4 Rhg8 30. h3 h5 31. Kf2 h4
32. Rhd1 Rb7 33. Rg1 Rxg1 34. Kxg1 Kd8 $1 35. Rd2 Nd4 36. Rg2 Kc7 37. Kf2 Rb8
38. Rg7 Kc6 39. Rh7 b5 40. cxb5+ Nxb5 41. Rxh4 Nc7 42. Nc3 Nd5 43. Nxd5 Kxd5
44. Rh7 (44. Ke3 $2 Ra8 45. Rh7 Kc6 $17) 44... Ke4 $1 (44... Kc6 $2 45. Rg7 Ra8
46. a4 Rb8 47. Rg3) 45. Rxd7 Kxf4 46. Rc7 Rd8 47. Rc6 Rd2+ 48. Ke1 Rxa2 49.
Rxe6 Ke3 50. Kd1 Rd2+ 51. Kc1 Rd5 52. h4 f4 53. h5 f3 54. h6 Ke2 (54... f2 55.
Rf6 Rxe5 56. h7 Rh5 57. Rf7 Ke2 58. Re7+ Kf3 59. Rf7+ Kg3 60. Rg7+ $10) 55. Rf6
Rd7 56. e6 Re7 57. Rf5 $1 f2 58. Re5+ Kd3 59. Rf5 Ke2 60. Re5+ Kd3 61. Rf5 Ke3
62. Kc2 Rxe6 63. h7 Rh6 64. Re5+ Kf4 65. Re7 Rh2 66. Kc3 Rh3+ 67. Kc2 Kf3
1/2-1/2

[Event "Madrid"]
[Site "Madrid"]
[Date "1993.??.??"]
[Round "4"]
[White "Polgar, Judit"]
[Black "Illescas Cordoba, Miguel"]
[Result "1/2-1/2"]
[WhiteElo "2595"]
[BlackElo "2615"]
[Annotator "Horvath,Ta"]
[PlyCount "87"]
[EventDate "1993.06.??"]
[EventType "tourn"]
[EventRounds "9"]
[EventCountry "ESP"]
[EventCategory "14"]
[SourceTitle "CBM 036"]
[Source "ChessBase"]
[SourceDate "1993.10.01"]
[SourceVersion "1"]
[SourceVersionDate "1993.10.01"]
[SourceQuality "1"]

1. e4 c5 2. Nf3 e6 3. d4 cxd4 4. Nxd4 Nf6 5. Nc3 Nc6 6. Qd3 $5 Be7 (6... d5 {
Romero-Illescas/Inf.56/198}) (6... Nb4 7. Qe2 (7. Qg3 $6 Bc5 8. Ncb5 (8. a3
Bxd4 9. axb4 O-O 10. Bh6 $6 (10. Bd2 d5 $13) 10... Nh5 11. Qg5 (11. Qg4 $2 Qf6
$19) 11... Qf6 $1 12. Qxf6 Nxf6 13. Bd2 d5 $1 $13) 8... O-O 9. Bh6 Nh5 10. Qg4
Qf6 11. Be3 Bxd4 12. Nxd4 e5 13. Qxh5 exd4 14. Bg5 Nxc2+ $19) 7... d5 8. Bg5
Be7 9. O-O-O O-O 10. e5 Nd7 11. Bxe7 Qxe7 12. f4 Nb6 {/\Bd7; Rc8}) 7. Bg5 h6 8.
Bh4 O-O 9. O-O-O d5 10. f4 Nb4 (10... Nxd4 11. Qxd4 Nxe4 12. Bxe7 Qxe7 13. Nxe4
dxe4 14. Qxe4 {/\Bd3; h4; h5+/-}) 11. Qe2 Nxe4 12. Bxe7 Qxe7 (12... Nxc3 13.
bxc3 Nxa2+ 14. Kb2 Nxc3 15. Bxd8 Nxe2 16. Be7 Re8 17. Bd6 Nxd4 18. Rxd4 $16)
13. Nxe4 dxe4 14. a3 Nd5 15. Qxe4 Qc7 $1 (15... Bd7 16. Bd3 Nf6 17. Qxb7 Nd5
18. Bb5 Rad8 19. Rhe1 Nxf4 20. Nf3 $18) 16. g3 Nf6 17. Qe2 Bd7 $10 18. Bg2 Rab8
19. Rhe1 Rfc8 20. Qe5 Ng4 21. Qxc7 Rxc7 22. h3 Nf6 23. g4 Rbc8 24. Re5 b6 25.
Rd3 Rc5 26. b4 R5c7 27. Kb2 Ne8 28. Bf1 Nd6 29. Rd2 Nc4+ 30. Bxc4 Rxc4 31. Re3
Ba4 32. c3 g6 33. f5 exf5 34. gxf5 g5 35. f6 Bd7 36. Rg2 Kh7 37. h4 Kg6 38.
hxg5 hxg5 39. Nf3 Kxf6 40. Ne5 (40. Nxg5 $6 Rg4 41. Ne4+ Kg6 $15) 40... R4c7
41. Rf2+ Bf5 42. a4 Rh8 43. Ng4+ Kg6 44. Ne5+ 1/2-1/2

[Event "Buenos Aires Najdorf"]
[Site "Buenos Aires"]
[Date "1993.??.??"]
[Round "9"]
[White "Campora, Daniel Hugo"]
[Black "Illescas Cordoba, Miguel"]
[Result "0-1"]
[WhiteElo "2550"]
[BlackElo "2615"]
[Annotator "Horvath,Ta"]
[PlyCount "102"]
[EventDate "1993.04.??"]
[EventType "tourn"]
[EventRounds "11"]
[EventCountry "ARG"]
[EventCategory "13"]
[SourceTitle "CBM 035"]
[Source "ChessBase"]
[SourceDate "1993.08.01"]
[SourceVersion "1"]
[SourceVersionDate "1993.08.01"]
[SourceQuality "1"]

1. e4 c5 2. Nf3 e6 3. d4 cxd4 4. Nxd4 Nf6 5. Nc3 Nc6 6. Nxc6 bxc6 7. e5 Nd5 8.
Nxd5 cxd5 9. Bd3 Ba6 $5 10. O-O (10. Bxa6 Qa5+ 11. Bd2 Qxa6 12. Qe2 $10) 10...
Bxd3 11. Qxd3 Qc7 12. Re1 Rc8 13. c3 g6 $1 14. Be3 Bg7 15. Bd4 O-O $10 16. Qa6
{16. b3 /\Rac1; c4} Ra8 17. Rac1 Rfc8 18. g3 Qc4 19. Qxc4 Rxc4 20. Kf1 Rc6 21.
Ke2 Bf8 22. Kd3 Bc5 $1 (22... d6 23. c4 Rac8 24. b3 a5 25. Rc2 a4 26. Rec1 axb3
27. axb3 Rb8 28. cxd5 Rxb3+ 29. Rc3 Rbxc3+ 30. Rxc3 Rxc3+ 31. Bxc3 exd5 32.
exd6 Bxd6 33. Kd4 $10) 23. Rc2 Rac8 24. Rec1 d6 25. f4 Kf8 26. b4 Bb6 27. a4
dxe5 28. fxe5 Rb8 $1 29. c4 Bxd4 30. b5 Bxe5 $1 31. bxc6 Rb3+ 32. Ke2 d4 33.
Rd1 Ke7 34. Rd3 Rb4 35. g4 h6 36. h4 g5 37. hxg5 hxg5 38. c5 Kd8 39. Rh3 Kc7
40. Rh7 Kxc6 41. Rxf7 Rxa4 42. Re7 Ra3 43. Rxe6+ Kd5 44. Rxe5+ Kxe5 45. Kd2 Rc3
$1 46. Ra2 Rxc5 47. Rxa7 Kf4 48. Kd3 Rd5 49. Ra1 Kxg4 50. Ke4 Rd8 51. Rg1+ Kh5
0-1

[Event "Lisbon zt"]
[Site "Lisbon"]
[Date "1993.??.??"]
[Round "7"]
[White "Fernandes, Antonio ETG"]
[Black "Ochoa de Echaguen, Francisco Javier"]
[Result "0-1"]
[WhiteElo "2455"]
[BlackElo "2415"]
[Annotator "Horvath,Ta"]
[PlyCount "80"]
[EventDate "1993.03.??"]
[EventType "tourn"]
[EventRounds "11"]
[EventCountry "POR"]
[EventCategory "7"]
[SourceTitle "CBM 035"]
[Source "ChessBase"]
[SourceDate "1993.08.01"]
[SourceVersion "1"]
[SourceVersionDate "1993.08.01"]
[SourceQuality "1"]

1. e4 c5 2. Nf3 e6 3. d4 cxd4 4. Nxd4 Nf6 5. Nc3 Nc6 6. Nxc6 bxc6 7. e5 Nd5 8.
Ne4 Qc7 9. f4 Qb6 10. c4 Bb4+ $6 11. Ke2 $1 Ba6 12. Kf3 f5 13. Ng3 $6 (13. exf6
$1 Nxf6 14. c5 $1 Qa5 15. Nxf6+ gxf6 16. Bxa6 Qxa6 17. Qd4 Qb5 18. Be3 $16)
13... Nc7 14. Be3 Bc5 15. Bxc5 Qxc5 16. Qd6 Qb6 17. Rd1 $6 (17. b4 $1 c5 18. b5
Bb7+ 19. Kf2 O-O-O 20. a4 Ne8 21. Qe7 $16 d5 $2 22. a5) 17... O-O-O 18. b4 c5
19. b5 Bb7+ 20. Kf2 Ne8 21. Qe7 d5 22. exd6 Rd7 $1 23. Qh4 (23. Qxe6 Nxd6 {
/\Ne4; Re8}) 23... Nxd6 24. Be2 h6 25. Rhe1 Rhd8 26. Qh5 g5 $5 (26... Ne4+ $5)
27. Qxh6 Nf7 28. Qf6 gxf4 29. Nh5 Nd6 30. Qe5 Nf7 31. Qf6 Nd6 32. Kg1 $2 Bxg2
$1 33. Nxf4 (33. Kxg2 Ne4 34. Qa1 Rg8+ 35. Kf1 Qb7 $1 36. Bf3 (36. Nxf4 Nd2+
37. Rxd2 Qh1+ 38. Kf2 Qxh2+ 39. Ke3 Rg3+ 40. Bf3 Qxd2#) 36... Nd2+ 37. Rxd2
Qxf3+ 38. Rf2 Qh3+ 39. Ke2 Qd3#) 33... Be4 34. Qxe6 Re8 35. Qf6 Rg8+ 36. Kf1
Qc7 37. Qe6 Re8 38. Qh6 Nf7 39. Rxd7 Qxd7 40. Bh5 Nxh6 0-1